[Event "Linares NL"]
[Site "Linares"]
[Date "1992.??.??"]
[Round "?"]
[White "Sunye Neto, Jaime"]
[Black "Ivanov, Alexander"]
[Result "1-0"]
[WhiteElo "2495"]
[BlackElo "2545"]

1.c4 e5 2.Nc3 Nc6 3.Nf3 f5 4.d4 e4 5.Bg5 Be7 6.Bxe7 Ncxe7 7.Ng1 Nf6 8.e3 O-O
9.Nge2 d6 10.h4 Be6 11.Nf4 Bf7 12.h5 c6 13.Be2 d5 14.c5 Qd7 15.Qd2 g5 16.hxg6 hxg6
17.O-O-O Kg7 18.Nh3 Nh7 19.f4 Rh8 20.Rdg1 Be6 21.Qe1 b6 22.Na4 b5 23.Nc3 Nf6
24.Ng5 Rxh1 25.Rxh1 Rh8 26.Rxh8 Kxh8 27.Nd1 Bg8 28.Qa5 Ne8 29.Nc3 Qc7 30.Qa6 b4
31.Nb1 Ng7 32.Nd2 Ne6 33.Nxe6 Bxe6 34.Nb3 g5 35.g3 g4 36.Qa4 Qb8 37.Na5 Bd7
38.Qb3 Kg7 39.a3 Qh8 40.Qxb4 Qh2 41.Qe1 Ng6 42.Nb3 Nh4 43.gxh4 g3 44.Bf1 Bc8
45.Qd2 Ba6 46.Qxh2 gxh2 47.Bg2 Be2 48.Nd2 Kh6 49.b4 a6 50.a4 Kh5 51.b5 axb5
52.axb5 Kxh4 53.b6 Kg3 54.Bh1 Ba6 55.Nb3 Kf2 56.Kd2 Kg1 57.Ke1 Bf1 58.b7 Bg2
59.b8=Q Bxh1 60.Nc1 Bf3 61.Qb2  1-0

[Event "Linares NL"]
[Site "Linares"]
[Date "1992.??.??"]
[Round "?"]
[White "Vera, Reynaldo"]
[Black "Ivanov, Alexander"]
[Result "1/2-1/2"]
[WhiteElo "2495"]
[BlackElo "2545"]

1.d4 Nf6 2.c4 e6 3.Nc3 Bb4 4.Qc2 c5 5.dxc5 O-O 6.Nf3 Na6 7.g3 Nxc5 8.Bg2 Nce4
9.O-O Nxc3 10.bxc3 Be7 11.e4 d6 12.e5 dxe5 13.Nxe5 Qc7 14.Qe2 Ne8 15.Rb1 f6
16.Nf3 Nd6 17.Nd4 e5 18.Bd5+ Kh8 19.Ne6 Bxe6 20.Bxe6 b6 21.f4 Nb7 22.Bd5 Rae8
23.fxe5 Bc5+ 24.Kg2 fxe5 25.Bg5 e4 26.Rxf8+ Bxf8 27.Rf1 Nd6 28.Be3 Be7 29.Bd4 Qd8
30.Qh5 Rf8 31.Qe5 Bf6 32.Qe6 Bxd4 33.cxd4 Rxf1 34.Kxf1 Qf8+ 35.Kg1 h6 36.c5 Nb5
37.c6 Nxd4 38.Qxe4 Nb5 39.Bc4 Nd6 40.Qd5 Nxc4 41.Qxc4 Qc8 42.c7 Kh7 43.Qe4+ Kg8
44.Qc4+ Kf8 45.Kg2 Ke8 46.Qc6+ Ke7 47.a4 a6 48.Qxb6 Kd7 49.Kh3 Qxc7 50.Qxa6 Ke7
51.a5 Qd7+ 52.g4 h5 53.Qe2+ Kf8 54.a6 hxg4+ 55.Kh4 Qd8+ 56.Kg3 Qd6+ 57.Kg2 Qc6+
58.Kg1 Kg8 59.a7 Qc5+ 60.Qf2 Qc1+ 61.Kg2 Qa3 62.Qd4 Qf3+ 63.Kg1 Kh7 64.Qc5 Qd1+
65.Kf2 Qf3+ 66.Kg1 Qd1+ 67.Kf2 Qf3+ 68.Ke1 Qh1+ 69.Kd2 Qg2+ 70.Kc3 Qf3+ 71.Kb4 Qe4+
72.Ka5 Qe1+ 73.Kb6 Qe6+ 74.Kc7 Qf7+ 75.Kd8 Qf6+ 76.Kc8 Qe6+ 77.Kb7 Qd7+ 78.Ka6 Qe6+
79.Ka5 Qe1+ 80.Kb6 Qe6+ 81.Kc7  1/2-1/2

[Event "Linares NL"]
[Site "Linares"]
[Date "1992.??.??"]
[Round "?"]
[White "Arencibia, Walter"]
[Black "Ivanov, Alexander"]
[Result "1-0"]
[WhiteElo "2535"]
[BlackElo "2545"]

1.d4 Nf6 2.Nf3 e6 3.e3 b6 4.Bd3 Bb7 5.Nbd2 c5 6.O-O Nc6 7.c3 Be7 8.e4 cxd4
9.cxd4 d5 10.e5 Nd7 11.a3 a5 12.Qe2 Qc8 13.Nb1 Ba6 14.Nc3 Bxd3 15.Qxd3 h6
16.Be3 Qa6 17.Qxa6 Rxa6 18.Nb5 Kd8 19.Rac1 Ndb8 20.a4 Kd7 21.Ne1 h5 22.f4 g6
23.Nf3 Ra8 24.Bf2 Na6 25.Bh4 Bxh4 26.Nxh4 Rhf8 27.h3 Na7 28.Nxa7 Rxa7 29.g4 hxg4
30.hxg4 Rc7 31.Rxc7+ Nxc7 32.Nf3 b5 33.axb5 Rb8 34.Ng5 Ke7 35.Rf3 Rxb5 36.f5 gxf5
37.gxf5 Rxb2 38.f6+ Ke8 39.Rh3 a4 40.Kf1 Rb4 41.Ke2 Rb2+ 42.Kd1 Nb5 43.Kc1 Rf2
44.Rh8+ Kd7 45.Rb8 Nxd4 46.Nxf7 Nb3+ 47.Kd1 d4 48.Ra8 Kc7 49.Ke1 Ra2 50.Ng5 d3
51.f7 d2+ 52.Ke2 Ra1 53.Nxe6+  1-0

[Event "Linares NL"]
[Site "Linares"]
[Date "1992.??.??"]
[Round "?"]
[White "Bradford, Joseph M"]
[Black "Ivanov, Alexander"]
[Result "1/2-1/2"]
[WhiteElo "2425"]
[BlackElo "2545"]

1.d4 g6 2.c4 Bg7 3.g3 c5 4.d5 Qa5+ 5.Qd2 Qxd2+ 6.Nxd2 Na6 7.e4 Nb4 8.Kd1 d6
9.a3 Na6 10.Bd3 Nf6 11.h3 O-O 12.Ne2 e6 13.Ke1 Nc7 14.Nc3 b6 15.a4 Bb7 16.Kd1 a6
17.Re1 Nd7 18.Ra3 Ne5 19.Be2 b5 20.cxb5 axb5 21.axb5 exd5 22.Nxd5 Nxd5 23.exd5 Bxd5
24.f4 Nd7 25.Ra6 Rxa6 26.bxa6 Bc6 27.Bf3 d5 28.Re3 Ra8 29.Ra3 Ra7 30.Nc4 Nb8
31.Nb6 Nxa6 32.Bxd5 Bxd5 33.Nxd5 Rd7 34.Rxa6  1/2-1/2

[Event "Linares NL"]
[Site "Linares"]
[Date "1992.??.??"]
[Round "?"]
[White "Browne, Walter S"]
[Black "Ivanov, Alexander"]
[Result "0-1"]
[WhiteElo "2515"]
[BlackElo "2545"]

1.d4 Nf6 2.c4 e6 3.Nf3 b6 4.g3 Ba6 5.Nbd2 Bb7 6.Bg2 c5 7.d5 exd5 8.Nh4 g6
9.cxd5 Bg7 10.Nc4 O-O 11.O-O d6 12.Bf4 Ba6 13.Rc1 Bxc4 14.Rxc4 b5 15.Rc2 Qb6
16.e4 Nbd7 17.Re1 Rfe8 18.b4 Rac8 19.bxc5 Nxc5 20.e5 Nh5 21.e6 Nxf4 22.gxf4 f5
23.Re3 Bf6 24.Nf3 Ne4 25.h4 b4 26.h5 Rc3 27.Rcxc3 bxc3 28.hxg6 hxg6 29.Bf1 Qc5
30.Qa4 Re7 31.Bc4 Kg7 32.Bd3 Qxd5 33.Bxe4 fxe4 34.Rxe4 Rc7 35.Qc2 Qxe4 36.Qxe4 c2
37.e7 c1=Q+ 38.Kg2 Rxe7  0-1

[Event "Moscow rapid g/15"]
[Site "Moscow"]
[Date "1992.??.??"]
[Round "?"]
[White "Ivanov, Alexander"]
[Black "Gulko, Boris F"]
[Result "0-1"]
[WhiteElo "2545"]
[BlackElo "2610"]

1.e4 c5 2.Nf3 Nc6 3.d4 cxd4 4.Nxd4 Nf6 5.Nc3 d6 6.Bc4 Qb6 7.Nb3 e6 8.Bg5 a6
9.O-O Bd7 10.Kh1 Qc7 11.Bxf6 gxf6 12.Qh5 Rg8 13.f4 Rg7 14.f5 O-O-O 15.fxe6 fxe6
16.Rxf6 Nd4 17.Bd3 Be7 18.Rf7 Be8 19.Rxg7 Bxh5 20.Nxd4 Qb6 21.Nxe6 Bf6 22.Rc7+ Kb8
23.Nd5 Qxb2 24.Rf1 Re8 25.Rxf6 Rxe6 26.Rf8+ Re8 27.Rxe8+ Bxe8 28.h3 Bg6 29.Rd7 Qxa2
30.Kh2 Qb2 31.Rd8+ Ka7 32.Nc7 Qe5+ 33.g3 Bxe4 34.Ra8+ Kb6 35.Re8 Bxd3 36.Rxe5 dxe5
37.Nd5+ Kc5 38.Ne3 Be4  0-1

[Event "Moscow rapid"]
[Site "Moscow"]
[Date "1992.??.??"]
[Round "?"]
[White "Gulko, Boris F"]
[Black "Ivanov, Alexander"]
[Result "1-0"]
[WhiteElo "2610"]
[BlackElo "2545"]

1.c4 g6 2.d4 Bg7 3.e4 d6 4.Nc3 c5 5.d5 e6 6.Bd3 Nf6 7.h3 O-O 8.Nge2 Nbd7
9.f4 exd5 10.exd5 Nh5 11.O-O f5 12.Be3 Re8 13.Bf2 Nf8 14.Qd2 Bd7 15.a3 Qc7
16.b4 b6 17.Rab1 cxb4 18.axb4 a5 19.bxa5 bxa5 20.Nb5 Bxb5 21.cxb5 Qb7 22.b6 Qxd5
23.Nc3 Bxc3 24.Qxc3 Rac8 25.Qd4 Qb7 26.Bc4+ Ne6 27.Bd5 Qf7 28.Bxe6 Rxe6 29.b7 Rb8
30.Rfc1 Ree8 31.Qc4 d5 32.Qc7 Nf6 33.Qxf7+ Kxf7 34.Ba7 Nd7 35.Bxb8 Rxb8 36.Rc8 a4
37.Rxb8 Nxb8 38.Ra1 Ke6 39.Rxa4 Kd6 40.Kf2 Kc7 41.Rd4 Kc6 42.Kf3 Kxb7 43.Rxd5 Kc6
44.Rd8  1-0

[Event "New York op"]
[Site "New York"]
[Date "1992.??.??"]
[Round "6"]
[White "Hoffmann, A."]
[Black "Ivanov, Alexander"]
[Result "0-1"]
[WhiteElo "2290"]
[BlackElo "2555"]

1.Nc3 d5 2.e4 d4 3.Nce2 e5 4.Nf3 Nc6 5.Ng3 Qd6 6.Bc4 Be6 7.Bb3 Bxb3 8.axb3 d3
9.O-O Nf6 10.c3 g6 11.b4 h5 12.Qa4 h4 13.b5 Nb8 14.Nh1 Nbd7 15.Re1 h3 16.Ng3 hxg2
17.Qc4 Nb6 18.Qb3 Ng4 19.Kxg2 Qf6 20.Rh1 Bc5 21.Qd1 Nxf2 22.b4 Nxd1 23.bxc5 Nd7
24.Rxd1 Nxc5 25.Ba3 Ne6 26.Re1 Nf4+ 27.Kh1 Qe6 28.Rg1 f6 29.Bc5 Qc4 30.Be3 Qxb5
31.Rab1 Qc6  0-1

[Event "New York op"]
[Site "New York"]
[Date "1992.??.??"]
[Round "9"]
[White "Ivanov, Alexander"]
[Black "Panchenko, Alexandar G"]
[Result "1-0"]
[WhiteElo "2555"]
[BlackElo "2470"]

1.e4 Nf6 2.e5 Nd5 3.d4 d6 4.Nf3 dxe5 5.Nxe5 g6 6.Bc4 c6 7.O-O Nd7 8.Nf3 N7b6
9.Bb3 Bg4 10.c4 Nc7 11.Nbd2 Bg7 12.h3 Bxf3 13.Nxf3 O-O 14.Be3 Nd7 15.Qe2 e6
16.Rfd1 Re8 17.Rac1 Rc8 18.Qd2 Qe7 19.Re1 Nf6 20.Bf4 Red8 21.Qa5 Na6 22.a3 Qf8
23.Rcd1 c5 24.dxc5 Rxd1 25.Rxd1 Qxc5 26.Rd8+ Rxd8 27.Qxd8+ Qf8 28.Qxf8+ Kxf8
29.Bc2 Ke7 30.b4 Nd7 31.Be4 b6 32.Bb7 Nab8 33.Bc1 f5 34.Kf1 Ba1 35.Ke2 a5
36.Kd3 e5 37.Ne1 e4+ 38.Kc2 axb4 39.axb4  1-0

[Event "NLD-ch op"]
[Site "?"]
[Date "1992.??.??"]
[Round "4"]
[White "Hendriks, Willy"]
[Black "Ivanov, Alexander"]
[Result "1/2-1/2"]
[WhiteElo "2320"]
[BlackElo "2555"]

1.e4 e5 2.Nf3 Nc6 3.Bc4 Bc5 4.c3 Nf6 5.d3 d6 6.O-O O-O 7.Bb3 a6 8.Nbd2 Ba7
9.Nc4 Be6 10.Bg5 Ne7 11.Nh4 Ng6 12.Ne3 Nf4 13.Nhf5 h6 14.Bh4 Ng6 15.Bg3 d5
16.Qf3 c6 17.Rad1 d4 18.Nc4 Nd7 19.Ncd6 Nc5 20.cxd4 Nxb3 21.axb3 Bxf5 22.Nxf5 Bxd4
23.Qg4 Qg5 24.Qf3 Qd8 25.Qg4 Qg5  1/2-1/2

[Event "World op"]
[Site "Philadelphia"]
[Date "1992.??.??"]
[Round "2"]
[White "Rogers, Norman"]
[Black "Ivanov, Alexander"]
[Result "0-1"]
[WhiteElo "2330"]
[BlackElo "2555"]

1.e4 c5 2.Nf3 d6 3.d4 cxd4 4.Nxd4 Nf6 5.Nc3 Nc6 6.Bc4 Qb6 7.Nb3 e6 8.O-O Be7
9.Kh1 O-O 10.f4 Rd8 11.Qf3 Nb4 12.Bd3 Nxd3 13.cxd3 a5 14.Be3 Qa6 15.a4 Bd7
16.Rfd1 e5 17.f5 h6 18.g4 Bc6 19.h4 d5 20.g5 dxe4 21.dxe4 Nxe4 22.Nxe4 Qc4
23.Rxd8+ Rxd8 24.Nxa5 Qxe4 25.Qxe4 Bxe4+ 26.Kg1 Rd3 27.Kf2 Bxf5 28.Nxb7 Rb3
29.Nc5 Rxb2+  0-1

[Event "St Martin op"]
[Site "St Martin"]
[Date "1992.??.??"]
[Round "4"]
[White "Ivanov, Alexander"]
[Black "Kotliar, Mark"]
[Result "1-0"]
[WhiteElo "2555"]
[BlackElo "2310"]

1.e4 e5 2.Nf3 Nc6 3.Bb5 a6 4.Ba4 Nf6 5.Qe2 b5 6.Bb3 Be7 7.d4 d6 8.c3 Bg4
9.dxe5 Nxe5 10.h3 Nxf3+ 11.gxf3 Bh5 12.Bf4 O-O 13.Nd2 Nd7 14.Qe3 Nc5 15.O-O-O Ne6
16.Rdg1 Nxf4 17.Qxf4 Bf6 18.Qf5 Bg6 19.Qg4 Kh8 20.f4 h6 21.Re1 Bh7 22.Rhg1 g6
23.Nf3 Qc8 24.Qg3 Qd7 25.Rd1 Bg7 26.h4 Rae8 27.Bc2 Qc6 28.Nd4 Qc4 29.Kb1 b4
30.Nf5 Bf6 31.Ne3 Qc5 32.Nd5 Bg7 33.cxb4 Qa7 34.f5 c6 35.f6 cxd5 36.fxg7+ Kxg7
37.Rxd5 Re6 38.a3 Qe7 39.f3 Rc8 40.Rgd1 Rc6 41.Ba4 Rb6 42.Qf2 Rb8 43.Qd4+ Kg8
44.Rxd6 Rf8 45.Rd8 Qxh4 46.Rxf8+ Kxf8 47.Qh8+ Bg8 48.Rc1 Rd6 49.Rc8+ Rd8
50.Rxd8+ Qxd8 51.Qxh6+ Ke7 52.Qg5+ f6 53.Qc5+ Qd6 54.Bd1 g5 55.Kc2 Bf7 56.Be2 Bh5
57.Kc3 Kd7 58.Qxd6+ Kxd6 59.Kd4 Kc6 60.a4 Kb6 61.a5+ Kb7 62.Kc5 Bg6 63.b5 axb5
64.Bxb5 f5 65.exf5 Bxf5 66.Be2  1-0

[Event "St Martin op"]
[Site "St Martin"]
[Date "1992.??.??"]
[Round "9"]
[White "Gulko, Boris F"]
[Black "Ivanov, Alexander"]
[Result "1/2-1/2"]
[WhiteElo "2560"]
[BlackElo "2555"]

1.c4 e5 2.Nc3 Nc6 3.Nf3 Nf6 4.e3 Be7 5.d4 exd4 6.Nxd4 Bb4 7.Nxc6 Bxc3+ 8.bxc3 dxc6
9.Qc2 Qe7 10.f3 Be6 11.Rb1 b6 12.Qa4 Bd7 13.Be2 c5 14.Qc2 O-O 15.O-O Bc6
16.e4 Rad8 17.Bg5 h6 18.Bh4 g5 19.Bf2  1/2-1/2

[Event "Berga op"]
[Site "Berga"]
[Date "1993.??.??"]
[Round "6"]
[White "Ivanov, Alexander"]
[Black "Ionescu, Constantin"]
[Result "1/2-1/2"]
[WhiteElo "2535"]
[BlackElo "2460"]

1.e4 c5 2.Nf3 e6 3.b3 d6 4.Bb2 Nf6 5.e5 dxe5 6.Nxe5 Be7 7.Bd3 O-O 8.O-O Nbd7
9.f4 g6 10.Qf3 Ne8 11.Na3 Bf6 12.Nac4 Bg7 13.Be4 Nb6 14.Nxb6 Qxb6 15.Nc4 Qc7
16.Bxg7 Kxg7 17.Qc3+ f6 18.d4 Bd7 19.Rad1 Rc8 20.dxc5 Qxc5+ 21.Qd4 Qxd4+
22.Rxd4 Bc6 23.Bxc6 Rxc6 24.Rd7+ Rf7 25.Rfd1 b5 26.Ne3 Rc7 27.Rd8 Rfe7 28.c4 bxc4
29.Nxc4 e5 30.Ne3 Rb7 31.fxe5  1/2-1/2

[Event "Berga op"]
[Site "Berga"]
[Date "1993.??.??"]
[Round "7"]
[White "Shvidler, Eliahu"]
[Black "Ivanov, Alexander"]
[Result "1/2-1/2"]
[WhiteElo "2415"]
[BlackElo "2535"]

1.c4 e5 2.Nc3 Bb4 3.Nd5 Ba5 4.Qc2 c6 5.Ne3 Ne7 6.Nf3 d6 7.c5 Bc7 8.cxd6 Qxd6
9.b3 c5 10.Bb2 Nbc6 11.Nc4 Qg6 12.Qxg6 Nxg6 13.Rc1 f6 14.d3 b6 15.g3 Bb7
16.Bg2 O-O 17.O-O Nge7 18.Rfd1 Rad8 19.a3 Bb8 20.Rb1 Nd5 21.Rdc1 Rf7 22.Bc3 Nxc3
23.Rxc3 Nd4 24.Nxd4 cxd4 25.Rc2 Bxg2 26.Kxg2 Rc8 27.Rbc1 Rfc7 28.a4 a6 29.Na3 Rxc2
30.Rxc2 Rxc2 31.Nxc2 Bd6 32.f4 exf4 33.gxf4 Bxf4 34.Nxd4 Kf7 35.h3 Be5 36.Nc6 Ke6
37.e4 Kd6 38.Nb4 a5 39.Nc2 Kc5 40.Kf3 Bd4 41.Kf4 g6 42.Kf3 h5 43.Kf4 Bg1
44.Kg3 Bd4  1/2-1/2

[Event "Las Vegas op"]
[Site "Las Vegas"]
[Date "1993.??.??"]
[Round "2"]
[White "Ivanov, Alexander"]
[Black "Legaspi, Edmundo"]
[Result "1-0"]
[WhiteElo "2525"]
[BlackElo "2155"]

1.e4 c5 2.Nf3 Nc6 3.d4 cxd4 4.Nxd4 Nf6 5.Nc3 e6 6.Nxc6 bxc6 7.e5 Nd5 8.Ne4 f5
9.exf6 Nxf6 10.Nd6+ Bxd6 11.Qxd6 Qa5+ 12.Bd2 Qd5 13.Bb4 Qxd6 14.Bxd6 Ne4
15.Be5 Nf6 16.c4 c5 17.f3 Bb7 18.O-O-O Rc8 19.Rd3 Rc6 20.Be2 Ke7 21.Rhd1 Rd8
22.Bd6+ Kf7 23.Ra3 Ne8 24.Bg3 Ra6 25.Rxa6 Bxa6 26.Bf2 d6 27.Bxc5 Rd7 28.b3 Bb7
29.Bxa7 Bxf3 30.Bxf3 Rxa7 31.Kb2 Ke7 32.b4 Nc7 33.Kb3 Na6 34.a4  1-0

[Event "Las Vegas op"]
[Site "Las Vegas"]
[Date "1993.??.??"]
[Round "3"]
[White "Boctor, Wageeh"]
[Black "Ivanov, Alexander"]
[Result "1/2-1/2"]
[WhiteElo "2325"]
[BlackElo "2525"]

1.Nf3 g6 2.g3 Bg7 3.Bg2 e5 4.e4 Nc6 5.O-O Nge7 6.c3 O-O 7.d4 exd4 8.Nxd4 b6
9.Bg5 Bb7 10.Nxc6 Bxc6 11.Na3 h6 12.Be3 f5 13.Qd2 Bxe4 14.Bxe4 fxe4 15.Bxh6 Bxh6
16.Qxh6 d5 17.Rad1 Qd7 18.Nc4 Rf5 19.g4 Rf6 20.h3 Raf8 21.Rd2 Qe6 22.Ne3 Qe5
23.g5 Rd6 24.Rfd1 Qf4 25.Ng2 Qxd2 26.Rxd2 Nf5 27.Qxf8+ Kxf8 28.Ne3 c6 29.Nxf5 gxf5
30.f4 Kf7 31.Kf2 c5 32.Ke3 Kg6 33.b4 Kh5 34.a4 Rd7 35.a5 Rd6 36.axb6 axb6
37.Rd1 Rd7 38.Rd2 Rd6 39.Rd1 Kh4 40.g6 Rxg6 41.bxc5 bxc5 42.Rxd5 Rg3+ 43.Ke2 Rxc3
44.Rxf5 Kxh3 45.Re5 Rc4 46.f5 Rc2+ 47.Ke3 Rc1 48.Kxe4 Kg4 49.Kd5 Kg5 50.Ke6 Ra1
51.Re2 Ra6+ 52.Ke5 c4 53.Rg2+ Kh6 54.f6 Ra5+ 55.Ke4 Ra7  1/2-1/2

[Event "Las Vegas op"]
[Site "Las Vegas"]
[Date "1993.??.??"]
[Round "5"]
[White "Saidy, Anthony Fred"]
[Black "Ivanov, Alexander"]
[Result "1/2-1/2"]
[WhiteElo "2380"]
[BlackElo "2525"]

1.Nf3 g6 2.d4 Nf6 3.c4 Bg7 4.Nc3 c5 5.e4 O-O 6.Be2 d6 7.O-O cxd4 8.Nxd4 Nc6
9.Be3 a6 10.f3 Bd7 11.Qd2 Qb8 12.Rfd1 Rc8 13.Kf1 Be8 14.Bf2 b6 15.Rdc1 e6
16.Rd1 Nxd4 17.Bxd4 b5 18.cxb5 axb5 19.a3 b4 20.axb4 Rxa1 21.Rxa1 Qxb4 22.Rd1 Rb8
23.e5 dxe5 24.Bxe5 Ne4 25.Qd4 Qxd4 26.Bxd4 Bxd4 27.Rxd4 Nxc3 28.bxc3 Kf8
29.Kf2 Rc8 30.c4 e5 31.Rd5 f6 32.Rd6 Ke7 33.Ra6 Rc7 34.Ke3 Bf7 35.Ra4 g5
36.Bd3 h6 37.Kd2 Be8 38.Ra6 Bc6 39.Kc3 Bd7 40.Ra8 Be8 41.Rb8 h5 42.g3 h4
43.gxh4 gxh4 44.Kb4 Rd7 45.Kc3 Rc7 46.Be4  1/2-1/2

[Event "World op"]
[Site "Philadelphia"]
[Date "1993.??.??"]
[Round "?"]
[White "Seltzer, Robert"]
[Black "Ivanov, Alexander"]
[Result "0-1"]
[WhiteElo "2265"]
[BlackElo "2535"]

1.e4 g6 2.d4 Bg7 3.Nf3 d6 4.c4 Bg4 5.Be2 Nc6 6.Be3 e5 7.Nxe5 dxe5 8.Bxg4 exd4
9.Bf4 h5 10.Be2 d3  0-1

[Event "US op"]
[Site "Philadelphia"]
[Date "1993.??.??"]
[Round "?"]
[White "Ivanov, Alexander V"]
[Black "Manik, Mikulas"]
[Result "1-0"]
[WhiteElo "2535"]
[BlackElo "2355"]

1.e4 e5 2.Nf3 d6 3.d4 Nf6 4.Nc3 Nbd7 5.Bc4 Be7 6.a4 c6 7.O-O O-O 8.Ba2 b6
9.Qe2 Bb7 10.Rd1 Qc7 11.dxe5 dxe5 12.Nh4 Nc5 13.Nf5 Ne6 14.Bxe6 fxe6 15.Qc4 Kf7
16.Nb5 Rad8 17.Nfd6+ Rxd6 18.Rxd6 Qc8 19.Nxa7 Qb8 20.Qxe6+ Ke8 21.Rxc6 Qxa7
22.Rc7 Rf7 23.Be3 Qa8 24.Bxb6 Qa6 25.Rd1 Kf8 26.Rd6 Ke8 27.Qd7+  1-0

[Event "World op"]
[Site "Philadelphia"]
[Date "1993.??.??"]
[Round "2"]
[White "Shaked, Tal"]
[Black "Ivanov, Alexander"]
[Result "0-1"]
[WhiteElo "2440"]
[BlackElo "2535"]

1.e4 g6 2.d4 Bg7 3.c3 d6 4.Bc4 Nf6 5.Qe2 Nc6 6.Nf3 e5 7.dxe5 Nxe5 8.Nxe5 dxe5
9.O-O O-O 10.b3 Nh5 11.g3 Bh3 12.Rd1 Qf6 13.Nd2 Rfd8 14.Nf1 Rxd1 15.Qxd1 Bf8
16.a4 Bc5 17.Ne3 Rd8 18.Qe2 Nf4 19.Qc2 a5 20.Bd2 Ng2 21.Be2 Nxe3 22.Bxe3 Bxe3
23.fxe3 Qg5 24.Qc1 h5 25.Bf3 Rd3 26.Kf2 Rd6 27.Kg1 h4 28.Qe1 Rf6  0-1

[Event "Chicago op2"]
[Site "Chicago"]
[Date "1994.??.??"]
[Round "5"]
[White "Olesen, Martin"]
[Black "Ivanov, Alexander"]
[Result "0-1"]
[WhiteElo "2340"]
[BlackElo "2555"]

1.e4 g6 2.d4 Bg7 3.c3 d6 4.Bg5 h6 5.Bh4 Nf6 6.Nd2 e5 7.dxe5 dxe5 8.Ngf3 Nbd7
9.Bc4 O-O 10.O-O Qe8 11.b4 Nh5 12.Nb3 Kh8 13.Nfd2 f5 14.f3 Ndf6 15.Qc2 b6
16.exf5 Bxf5 17.Bd3 Bxd3 18.Qxd3 Nf4 19.Qc2 g5 20.Bf2 Qc6 21.c4 Rad8 22.b5 Qd7
23.Ne4 Qf5 24.Rae1 N6h5 25.Bg3 g4 26.Rd1 Rxd1 27.Qxd1 gxf3 28.Qxf3 Nh3+  0-1

[Event "Lloyds Bank op"]
[Site "London"]
[Date "1994.??.??"]
[Round "2"]
[White "Ivanov, Alexander"]
[Black "Raselli, Claudio"]
[Result "1-0"]
[WhiteElo "2575"]
[BlackElo "2035"]

1.e4 d6 2.d4 Nf6 3.Nc3 g6 4.Bf4 c6 5.Qd2 Bg7 6.Nf3 O-O 7.Bd3 Nbd7 8.O-O Qc7
9.e5 Nh5 10.exd6 exd6 11.Ne4 Nxf4 12.Qxf4 Rd8 13.Nfg5 Nf8 14.Nf6+ Bxf6 15.Qxf6 Be6
16.h4 Re8 17.Rfe1 Qd8 18.Qf4 d5 19.h5 h6 20.Nxe6 Rxe6 21.hxg6 Nxg6 22.Qxh6 Qe7
23.Rxe6 Qxe6 24.g3 Re8 25.Kg2 Qf6 26.Rh1 Qg7 27.Qxg7+ Kxg7 28.f4 Kf6 29.Kf3 Ne7
30.g4 Nc8 31.g5+ Kg7 32.Rh7+ Kg8 33.g6 Re7 34.gxf7+ Rxf7 35.Rh6 Kg7 36.Rg6+ Kf8
37.Kg4 Ke7 38.Kg5 Nd6 39.f5 Ne8 40.Be2 Kf8 41.Bh5 Rg7 42.Rxg7 Nxg7 43.Bg6 Kg8
44.Kf6 Kf8 45.Ke5  1-0

[Event "Lloyds Bank op"]
[Site "London"]
[Date "1994.??.??"]
[Round "5"]
[White "Kjeld, Matthias"]
[Black "Ivanov, Alexander"]
[Result "0-1"]
[WhiteElo "2140"]
[BlackElo "2575"]

1.c4 e5 2.Nc3 Bb4 3.Qc2 Nc6 4.e3 Nge7 5.Nf3 O-O 6.a3 Bxc3 7.Qxc3 d6 8.d3 Bg4
9.Be2 Ng6 10.h3 Bxf3 11.Bxf3 Nh4 12.Be4 Ne7 13.g3 f5 14.Bxb7 Rb8 15.Bd5+ Nxd5
16.cxd5 Nf3+ 17.Ke2 e4 18.b4 Ne5 19.Bb2 Rf7 20.d4 Nd3 21.Rad1 Qg5 22.Rxd3 Qh5+
23.Ke1 exd3 24.Qxd3 Qf3 25.Rf1 Qxd5 26.Ke2 Re8 27.Bc3 f4 28.gxf4 Rxf4 29.f3 Rh4
30.e4 Qh5 31.Qc4+ d5 32.Qxc7 Rhxe4+ 33.Kd1 Re3 34.Qd7 Rxc3  0-1

[Event "Lloyds Bank op"]
[Site "London"]
[Date "1994.??.??"]
[Round "7"]
[White "Basman, Michael J"]
[Black "Ivanov, Alexander"]
[Result "0-1"]
[WhiteElo "2375"]
[BlackElo "2575"]

1.h3 e5 2.a3 d5 3.c4 c6 4.Qc2 Be6 5.Nf3 Nd7 6.e3 dxc4 7.Bxc4 Bxc4 8.Qxc4 Ngf6
9.Nc3 Bd6 10.g4 Nb6 11.Qb3 Qe7 12.Ng5 h5 13.gxh5 Rxh5 14.h4 Nbd5 15.d3 Nxc3
16.bxc3 e4 17.d4 Nh7 18.Nxh7 Rxh7 19.Rb1 O-O-O 20.d5 cxd5 21.Qxd5 Be5 22.Qc4+ Kb8
23.Bd2 Rxh4 24.Rg1 Qd7 25.Rb2 f5 26.a4 Rh6 27.Ke2 Rd6 28.Rd1 a6 29.Ke1 Rh8
30.a5 Qe8 31.Qf1 Rdh6 32.Rbb1 Rh1  0-1

[Event "New York op"]
[Site "New York"]
[Date "1994.??.??"]
[Round "3"]
[White "Hulse, Brian"]
[Black "Ivanov, Alexander"]
[Result "0-1"]
[WhiteElo "2295"]
[BlackElo "2555"]

1.d4 g6 2.g3 Bg7 3.Bg2 c5 4.d5 d6 5.Nf3 b5 6.O-O Nf6 7.Re1 O-O 8.e4 Nbd7
9.a4 b4 10.Nbd2 a5 11.Nc4 Ba6 12.Bf1 Nb6 13.Nfd2 Nxc4 14.Nxc4 Nd7 15.Rb1 Nb6
16.Nxb6 Qxb6 17.Bg5 Bxf1 18.Rxf1 Qa6 19.Re1 Ra7 20.Qe2 c4 21.Be3 Rc7 22.Red1 e6
23.dxe6 fxe6 24.Bd4 Rcf7 25.Be3 Qc6 26.Qg4 d5 27.exd5 exd5 28.b3 Re8 29.Rd2 Bc3
30.Rdd1 Re4 31.Qg5 d4 32.Bf4 Rf5 33.Qd8+ Re8 34.Qc7 Qxc7 35.Bxc7 Re2 36.Rf1 Rxc2
37.bxc4 d3 38.Bb6 d2 39.Be3 Kf7 40.c5 Ke6 41.Rfd1 Kd5 42.Kf1 Rf6 43.Ke2 Kc4  0-1

[Event "New York op"]
[Site "New York"]
[Date "1994.??.??"]
[Round "4"]
[White "Ivanov, Alexander"]
[Black "Situru, Nathanael"]
[Result "1-0"]
[WhiteElo "2555"]
[BlackElo "2410"]

1.e4 c5 2.Nf3 Nc6 3.d4 cxd4 4.Nxd4 e5 5.Nb5 d6 6.a4 Be7 7.N1c3 a6 8.Na3 Be6
9.Bc4 Nf6 10.Bg5 Rc8 11.Bxf6 Bxf6 12.Nd5 Bg5 13.O-O O-O 14.c3 Kh8 15.Qe2 f5
16.Nb6 Qxb6 17.Bxe6 Rcd8 18.Bxf5 Ne7 19.Bh3 Rf6 20.g3 Rdf8 21.Nc4 Qc7 22.a5 g6
23.Rad1 h5 24.b3 Bh6 25.Rd3 R8f7 26.Bg2 Kh7 27.Rf3 Qc5 28.Rxf6 Rxf6 29.Qa2 Qc6
30.Rd1 Nc8 31.Rd3 Qc7 32.Qe2 Qb8 33.h4 Bf8 34.Bh3 Be7 35.Qe3 Bd8 36.Nxe5 dxe5
37.Rd7+ Kg8 38.Rxd8+ Rf8 39.Qh6  1-0

[Event "New York op"]
[Site "New York"]
[Date "1994.??.??"]
[Round "7"]
[White "Ivanov, Alexander"]
[Black "Akopian, Vladimir"]
[Result "1/2-1/2"]
[WhiteElo "2555"]
[BlackElo "2605"]

1.e4 c5 2.Nf3 Nc6 3.d4 cxd4 4.Nxd4 Qb6 5.Nb3 e6 6.Nc3 Nf6 7.Qe2 Qc7 8.g4 h6
9.Bd2 a6 10.f4 d6 11.Bg2 b6 12.O-O-O Bb7 13.h4 O-O-O 14.g5 Nd7 15.g6 Nc5
16.f5 Kb8 17.gxf7 Qxf7 18.fxe6 Qxe6 19.Nd5 Ka7 20.Be3 Be7 21.a4 Bf6 22.Kb1 Qe5
23.Nxf6 gxf6 24.Rhf1 Nxa4 25.Nd4 Qa5 26.Nxc6+ Bxc6 27.Bd4 Rhf8 28.Rxf6 Rxf6
29.Bxf6 Rf8 30.Bd4 Rf7 31.Qc4 Rc7 32.Qe6 Qh5 33.Rc1 Qxh4 34.Qxd6 Qe7 35.Qxh6 Bxe4
36.Bxe4 Qxe4 37.Qe3  1/2-1/2

[Event "Bermuda"]
[Site "Bermuda"]
[Date "1995.??.??"]
[Round "2"]
[White "Vescovi, Giovanni"]
[Black "Ivanov, Alexander"]
[Result "1-0"]
[WhiteElo "2465"]
[BlackElo "2515"]

1.d4 Nf6 2.Nf3 e6 3.Bg5 h6 4.Bh4 c5 5.c3 Qb6 6.Qb3 d5 7.Nbd2 Qxb3 8.axb3 Nc6
9.e3 g5 10.Bg3 Nh5 11.dxc5 Bxc5 12.b4 Nxg3 13.hxg3 Be7 14.b5 Nb8 15.e4 g4
16.Nd4 dxe4 17.Nxe4 b6 18.Nd2 Bb7 19.Nc4 Nd7 20.Nc6 a6 21.Ne3 axb5 22.Rxa8+ Bxa8
23.Bxb5 Nf6 24.Ne5+ Kf8 25.O-O Kg7 26.Ra1 Bd6 27.N3c4 Bxe5 28.Nxe5 Be4 29.Ra7 Bg6
30.Bc4 Re8 31.Rb7 Ne4 32.Rxb6 Rd8 33.Bd3 Rd5 34.Bxe4 Bxe4 35.Nxg4 Rd1+ 36.Kh2 Rd2
37.Rb4 Bd5 38.c4 Be4 39.c5 Bd5 40.Rb8 h5 41.Ne3 Rxf2 42.Nxd5 exd5 43.b4 Rc2
44.Rd8 Rc4 45.Rxd5 Rxb4 46.Rxh5 Rc4 47.Kh3 Kg6 48.g4 Rc3+ 49.Kh4 Rc2 50.Kg3 Rc3+
51.Kf4 Rc4+ 52.Kf3 Rc3+ 53.Ke4 Rc4+ 54.Kd5 Rxg4 55.Rh2 Kf6 56.Kd6 Rd4+ 57.Kc7 Rd2
58.c6 Ke7 59.Kc8 Rc2 60.c7 Rb2 61.Rh6 f6 62.Rh7+ Ke8 63.Rg7 Kf8 64.Rg4 Ke7
65.Re4+ Kf7 66.g4  1-0

[Event "Las Vegas op"]
[Site "Las Vegas"]
[Date "1995.??.??"]
[Round "5"]
[White "Bisguier, Arthur Bernard"]
[Black "Ivanov, Alexander"]
[Result "1-0"]
[WhiteElo "2370"]
[BlackElo "2515"]

1.d4 Nf6 2.Nf3 e6 3.e3 b6 4.Bd3 Bb7 5.O-O d5 6.b3 Bd6 7.Bb2 O-O 8.Nbd2 Ne4
9.c4 Nd7 10.Rc1 c5 11.cxd5 exd5 12.dxc5 Ndxc5 13.Be2 Qb8 14.g3 a5 15.Bb5 Ba6
16.Qe2 Bxb5 17.Qxb5 Qe8 18.Qxe8 Rfxe8 19.Bd4 Nd3 20.Rc6 Bb4 21.Nxe4 dxe4
22.Nh4 b5 23.Nf5 Bf8 24.g4 a4 25.Rb6 Reb8 26.Rxb8 Rxb8 27.Ng3 Re8 28.bxa4 bxa4
29.Rd1 Nb4 30.Rd2 a3 31.Bc3 Rc8 32.Bxb4 Bxb4 33.Rd4 Bf8 34.Nxe4 f6 35.Rd2 Rc4
36.f3 Bb4 37.Rd4 Rc1+ 38.Kg2 Rc2+ 39.Kg3 Be1+ 40.Kf4 Rxa2 41.Ra4 Kf7 42.Nd6+ Ke6
43.Nb5 Rxh2 44.Rxa3 Bb4 45.Ra7 g6 46.Nc7+ Kd6 47.Ne8+ Ke6 48.Ra6+ Ke7 49.Nxf6 Bd6+
50.Ke4 Kxf6 51.Rxd6+ Kg5 52.Rd5+ Kh4 53.Kf4 h6 54.e4 Rf2 55.e5 g5+ 56.Ke4 h5
57.Rd1 hxg4 58.Rh1+ Kg3 59.Rg1+ Kh4 60.fxg4  1-0

[Event "USA-ch"]
[Site "Modesto"]
[Date "1995.??.??"]
[Round "8"]
[White "Ivanov, Alexander"]
[Black "Gulko, Boris F"]
[Result "1-0"]
[WhiteElo "2530"]
[BlackElo "2620"]

1.e4 e6 2.d4 d5 3.Nd2 c5 4.Ngf3 cxd4 5.Nxd4 Nf6 6.exd5 Nxd5 7.N2f3 Be7 8.Bd3 O-O
9.O-O Bf6 10.c4 Nb4 11.Be4 Qe7 12.a3 N4c6 13.Nxc6 Nxc6 14.Qc2 g6 15.Be3 Rd8
16.Rad1 Rxd1 17.Rxd1 a5 18.c5 a4 19.Rd6 Bd7 20.h4 Na5 21.Bg5 Bxg5 22.hxg5 Bc6
23.Bxc6 Nxc6 24.Qd2 e5 25.Nh2 Nd4 26.Ng4 Rd8 27.Nf6+ Kg7 28.Qe3 Nf5 29.Rxd8 Qxd8
30.Qxe5 Qd1+ 31.Kh2 Qd4 32.Nh5+ Kf8 33.Qb8+ Ke7 34.Qxb7+ Kd8 35.Qb8+ Ke7
36.Nf6 Qh4+ 37.Kg1 Qxg5 38.Qe5+ Kd8 39.Qe8+ Kc7 40.Nd5+ Kb7 41.Qd7+  1-0